| 000 | 00760cam a22002294a 4500 | ||
|---|---|---|---|
| 003 | OSt | ||
| 005 | 20150630112629.0 | ||
| 008 | 010922s2002 nyua b 001 0 eng | ||
| 020 | _a0231122721 (alk. paper) | ||
| 020 | _a023112273X (alk. paper) | ||
| 040 | _aSEKU | ||
| 050 | 0 | 0 |
_aRC 480.5 _b.F54 |
| 100 | 1 | _aFloersch, Jerry. | |
| 245 | 1 | 0 |
_aMeds, money, and manners : _bthe case management of severe mental illness / _cJerry Floersch. |
| 260 |
_aNew York : _bColumbia University Press, _c2002. |
||
| 300 |
_axii, 266 p. : _bill. ; _c24 cm. |
||
| 504 | _aIncludes bibliographical references (p. [235]-248) and index. | ||
| 650 | 0 |
_aMentally ill _xCare. |
|
| 650 | 0 |
_aMentally ill _xRehabilitation. |
|
| 650 | 0 |
_aMental illness _xTreatment. |
|
| 942 |
_2lcc _cGEN |
||
| 999 |
_c4654 _d4654 |
||